01375nam a2200385 i 4500001000700000003000800007005001700015006001900032007001500051008004100066020002800107020001800135040003100153050002400184080001900208082001900227100002100246245008300267264003000350300004100380336003100421337003600452338004300488490002500531504002000556588013400576650003400710650003700744650005500781650001600836655002700852830002600879035002200905856006200927147218FlNmELB20241217182221.0m o u cr cn|||||||||190226s2008 sp ob 000 0 spa d a9781512955903q(e-book) z9788431325688 aFINmELBbspaerdacFINmELB14aBL65.T47bM565 2008 a323.28:297"20"04a201.7633252231 aMerlos, Alfonso.10aTerror.com :bIrak, Europa y los nuevos frentes de la Yihad /cAlfonso Merlos. 1aPamplona :bEUNSA,c2008. a1 recurso en línea (284 páginas) atextobtxt2rdacontent/spa acomputadorabcbc2rdamedia/spa arecurso en líneabcr2rdacarrier/spa1 aAstrolabio. Historia aBibliografía. aDescripción basada en recurso en línea; título de la página del título en PDF (elibro, visto el 26 de febrero de 2019). 0aTerrorismxReligious aspects. 4aTerrorismoxAspectos religiosos. 4aTerrorismo en los medios de comunicación social. 4aMass media. 4aLibros electrónicos. 0aAstrolabio. Historia. a(OCoLC)110589905040uhttps://elibro.net/ereader/politecnicointernacional/47059